Patronage or partnership: local capacity building in humanitarian crises (Record no. 81760)
[ view plain ]
| 000 -LEADER | |
|---|---|
| fixed length control field | 00900nam a2200181 a 4500 |
| 008 - FIXED-LENGTH DATA ELEMENTS--GENERAL INFORMATION | |
| fixed length control field | 120416s2001 ||||||||||||||||| || u |
| 020 ## - INTERNATIONAL STANDARD BOOK NUMBER | |
| International Standard Book Number | 1565491300 |
| 050 ## - LIBRARY OF CONGRESS CALL NUMBER | |
| Classification number | HV 555.D44 Pat |
| 100 ## - MAIN ENTRY--PERSONAL NAME | |
| Personal name | Smillie, Ian |
| 245 10 - TITLE STATEMENT | |
| Title | Patronage or partnership: local capacity building in humanitarian crises |
| 260 ## - PUBLICATION, DISTRIBUTION, ETC. (IMPRINT) | |
| Place of publication, distribution, etc | Ottawa |
| Name of publisher, distributor, etc | Kamarian Press |
| Date of publication, distribution, etc | 2001 |
| 350 ## - | |
| -- | 0.00 |
| 650 ## - SUBJECT ADDED ENTRY--TOPICAL TERM | |
| Topical term or geographic name as entry element | HUMANITARIAN ASSISTANCE--DEVELOPING COUNTRIES--CITIZEN PARTICIPATION |
| 650 ## - SUBJECT ADDED ENTRY--TOPICAL TERM | |
| Topical term or geographic name as entry element | DISASTER RELIEF--DEVELOPING COUNTRIES--CITIZEN PARTICIPATION |
| 650 ## - SUBJECT ADDED ENTRY--TOPICAL TERM | |
| Topical term or geographic name as entry element | COMMUNITY DEVELOPMENT--DEVELOPING COUNTRIES |
| 995 ## - RECOMMENDATION 995 [LOCAL, UNIMARC FRANCE] | |
| -- | 0.00 |
| -- | CBU-MAIN LIBRARY (Kitwe) |
| -- | 1 |
| -- | 8.95 |
| -- | 1 |
| -- | AVAILABLE |
| -- | Main Library Open Access Collection |
| 995 ## - RECOMMENDATION 995 [LOCAL, UNIMARC FRANCE] | |
| -- | 0.00 |
| -- | CBU-MAIN LIBRARY (Kitwe) |
| -- | 2 |
| -- | 8.95 |
| -- | 2 |
| -- | AVAILABLE |
| -- | Annex Low-Usage Collection |
| Withdrawn status | Lost status | Source of classification or shelving scheme | Damaged status | Not for loan | Permanent Location | Current Location | Shelving location | Date acquired | Total Checkouts | Full call number | Barcode | Date last seen | Copy number | Price effective from | Koha item type |
|---|---|---|---|---|---|---|---|---|---|---|---|---|---|---|---|
| CBU-MAIN LIBRARY, KITWE. | CBU-MAIN LIBRARY, KITWE. | 09/05/2023 | HV 555.D44 Pat | 45662 | 09/05/2023 | 1 | 09/05/2023 | MONOGRAPH | |||||||
| CBU-MAIN LIBRARY, KITWE. | CBU-MAIN LIBRARY, KITWE. | 09/05/2023 | HV 555.D44 Pat | 45663 | 09/05/2023 | 2 | 09/05/2023 | MONOGRAPH |